Italian words - Statistics

General Stats
  • This quiz has been taken 32 times
  • The average score is 8 of 15
Answer Stats
word Answer % Correct
vivere to live
97%
creare to create
76%
passare to pass
76%
parlare to talk
76%
pensare to think
76%
prendere to take
66%
credere to believe
62%
trovare to find
62%
ricordare to remember
59%
partire to leave
55%
mettere to put
52%
ottenere to get
28%
respondere to reply
28%
tendere to hold
17%
raggiungere to reach
14%
No matching quizzes found
Score Distribution
Percent of People with Each Score
Percentile by Number Answered
Your Score History
You have not taken this quiz